[Event "SFR-ch Seniors"]
[Site "Kiselevsk"]
[Date "2010.10.17"]
[Round "9"]
[White "Suslin, Alexander"]
[Black "Mukhamadeev, Razit"]
[Result "1-0"]
[WhiteElo "2162"]
[BlackElo "2088"]
[PlyCount "61"]
[EventDate "2010.10.11"]
[EventType "swiss"]
[EventRounds "9"]
[EventCountry "RUS"]
[SourceTitle "EXT 2022"]
[Source "ChessBase"]
[SourceDate "2021.10.06"]
[SourceVersion "1"]
[SourceVersionDate "2021.10.06"]
[SourceQuality "1"]

1. e4 c5 2. c3 d5 3. exd5 Qxd5 4. d4 cxd4 5. cxd4 Nc6 6. Nf3 e6 7. Nc3 Bb4 8. Be2 Nge7 9. 0-0 Qd8 10. Bd3 Ng6 11. Be3 Be7 12. Rc1 0-0 13. a3 Bf6 14. Kh1 Nge7 15. Ne4 Nd5 16. Nxf6+ Nxf6 17. Bg5 Bd7 18. Ne5 h6 19. Bxf6 gxf6 20. Ng6 fxg6 21. Bxg6 f5 22. Rc3 Be8 23. Rg3 Bxg6 24. Rxg6+ Kf7 25. Rxh6 Rh8 26. Qh5+ Ke7 27. Re1 Rxh6 28. Qxh6 Qd5 29. Qg7+ Kd6 30. Rc1 Qa5 31. Qxb7 1-0

[Event "SFR-ch Seniors"]
[Site "Kiselevsk"]
[Date "2010.10.15"]
[Round "7"]
[White "Bogachev, Alexandr"]
[Black "Suslin, Alexander"]
[Result "0-1"]
[WhiteElo "2059"]
[BlackElo "2162"]
[PlyCount "52"]
[EventDate "2010.10.11"]
[EventType "swiss"]
[EventRounds "9"]
[EventCountry "RUS"]
[SourceTitle "EXT 2022"]
[Source "ChessBase"]
[SourceDate "2021.10.06"]
[SourceVersion "1"]
[SourceVersionDate "2021.10.06"]
[SourceQuality "1"]

1. d4 e6 2. e4 d5 3. Nd2 Nf6 4. e5 Nfd7 5. Ngf3 c5 6. c3 Nc6 7. a3 Qb6 8. Nb3 c4 9. Nbd2 Be7 10. g3 0-0 11. h4 f6 12. Bh3 Nd8 13. exf6 Nxf6 14. 0-0 Nf7 15. Kg2 g6 16. Re1 Bd7 17. Nh2 Rad8 18. f4 Nh6 19. Ndf3 Nf5 20. Ng4 Be8 21. Nge5 Nd7 22. Kh2 Bf6 23. Be3 Qa6 24. Nd2 b5 25. Ndf3 Qb7 26. Bg2 a5 0-1

[Event "SFR-ch Seniors"]
[Site "Kiselevsk"]
[Date "2010.10.11"]
[Round "1"]
[White "Suslin, Alexander"]
[Black "Morokov, Anatoliy"]
[Result "1-0"]
[WhiteElo "2162"]
[BlackElo "1784"]
[PlyCount "33"]
[EventDate "2010.10.11"]
[EventType "swiss"]
[EventRounds "9"]
[EventCountry "RUS"]
[SourceTitle "EXT 2022"]
[Source "ChessBase"]
[SourceDate "2021.10.06"]
[SourceVersion "1"]
[SourceVersionDate "2021.10.06"]
[SourceQuality "1"]

1. e4 c5 2. c3 Nc6 3. d4 cxd4 4. cxd4 Nf6 5. e5 Ng8 6. Nf3 e6 7. Nc3 b5 8. Bd3 Bb4 9. 0-0 Qb6 10. Be3 Nge7 11. a3 Bxc3 12. bxc3 Nd5 13. Bd2 0-0 14. Bc2 Kh8 15. Ng5 Kg8 16. Qh5 Re8 17. Qxf7+ 1-0

[Event "Aegean op 31st"]
[Site "Aghios Kirykos"]
[Date "2008.07.16"]
[Round "5"]
[White "Siebrecht, Sebastian"]
[Black "Suslin, Alexander"]
[Result "1-0"]
[WhiteElo "2453"]
[BlackElo "2157"]
[PlyCount "105"]
[EventDate "2008.07.12"]
[EventType "swiss"]
[EventRounds "9"]
[EventCountry "GRE"]
[SourceTitle "CBM 125 Extra"]
[Source "ChessBase"]
[SourceDate "2008.09.01"]
[SourceVersion "1"]
[SourceVersionDate "2008.09.01"]
[SourceQuality "1"]

1. d4 e6 2. c4 d5 3. Nf3 Nf6 4. g3 c6 5. Qc2 Nbd7 6. Bg2 Bb4+ 7. Bd2 Qa5 8. 0-0 Ne4 9. Bxb4 Qxb4 10. Nbd2 Ndf6 11. e3 0-0 12. c5 Qa5 13. Rfb1 Qc7 14. b4 Nxd2 15. Qxd2 Ne4 16. Qb2 a6 17. a4 Bd7 18. Ne5 f6 19. Nc4 Ng5 20. Nb6 Rad8 21. f4 Nf7 22. Bh3 f5 23. Bf1 g5 24. b5 cxb5 25. axb5 axb5 26. Nxd7 Rxd7 27. Bxb5 Re7 28. Ra7 gxf4 29. exf4 Rb8 30. Ba4 Nd8 31. Qb6 Qxb6 32. Rxb6 Kf8 33. Kg2 Rc8 34. Kf3 Kf7 35. Ke3 Kf6 36. Kd3 Rec7 37. Kc3 h6 38. Bb5 h5 39. Be2 Rh7 40. Bf3 h4 41. Bxd5 hxg3 42. hxg3 Rh3 43. Raxb7 Rxg3+ 44. Kc4 Rg4 45. Rh7 Rxf4 46. Bxe6 Rc6 47. Bd5 Rxb6 48. cxb6 Rf1 49. Rd7 Rb1 50. Rxd8 Rxb6 51. Kc5 Rb1 52. Rf8+ Kg5 53. Be6 1-0

[Event "Calvia Amateur op 4th"]
[Site "Calvia"]
[Date "2007.10.10"]
[Round "5"]
[White "Chasovnikova, Eugenia"]
[Black "Suslin, Alexander"]
[Result "1-0"]
[WhiteElo "2197"]
[BlackElo "2144"]
[PlyCount "159"]
[EventDate "2007.10.06"]
[EventType "swiss"]
[EventRounds "9"]
[EventCountry "ESP"]
[SourceTitle "CBM 120 Extra"]
[Source "ChessBase"]
[SourceDate "2007.11.01"]
[SourceVersion "1"]
[SourceVersionDate "2007.11.01"]
[SourceQuality "1"]

1. d4 d5 2. c4 c6 3. Nc3 e6 4. e4 dxe4 5. Nxe4 Bb4+ 6. Bd2 Qxd4 7. Bxb4 Qxe4+ 8. Be2 Na6 9. Ba5 Bd7 10. Qd6 Nf6 11. 0-0-0 Qf5 12. b4 b6 13. c5 Nxc5 14. bxc5 bxa5 15. Nf3 Rd8 16. g4 Qe4 17. Rhe1 Qb4 18. Nd4 Ne4 19. Nc2 Qxc5 20. Qxc5 Nxc5 21. Bc4 0-0 22. Re5 Nb7 23. Ba6 f6 24. Re3 Nc5 25. Bc4 Kh8 26. Ra3 a4 27. Nb4 e5 28. h3 a5 29. Nd3 Ne4 30. Kc2 Nd6 31. Nb2 Nxc4 32. Nxc4 c5 33. Rad3 Rf7 34. Nb6 Bf5 35. gxf5 Rd4 36. Nxa4 Rc7 37. Rc3 c4 38. Nb6 Rxd1 39. Kxd1 g6 40. fxg6 hxg6 41. Rxc4 Rb7 42. Rc6 Kg7 43. Rd6 Rb8 44. Ke2 Rh8 45. Rd3 Rh4 46. Nd5 Ra4 47. Nc3 Rc4 48. a4 Kf7 49. Kd2 Ke6 50. Rd8 Rh4 51. Ra8 Rxh3 52. Rxa5 Rf3 53. Ra6+ Kd7 54. Ne4 f5 55. Nc5+ Kc7 56. Ke2 Rc3 57. Ne6+ Kb7 58. Ra5 e4 59. Rb5+ Ka7 60. Nf4 g5 61. Ne6 Rc2+ 62. Kf1 f4 63. Nxg5 e3 64. fxe3 fxe3 65. Ne4 Ra2 66. Nc5 Ka8 67. Ke1 Ka7 68. a5 Rc2 69. a6 Ra2 70. Rb7+ Ka8 71. Re7 Rc2 72. Nd3 Ra2 73. Nb4 Ra4 74. Nd5 Ra1+ 75. Ke2 Rb1 76. Kd3 Kb8 77. Kc4 Rc1+ 78. Kb5 Rb1+ 79. Nb4 Rb3 80. Ka5 1-0

[Event "St Petersburg White Nights op"]
[Site "St Petersburg"]
[Date "2005.06.24"]
[Round "7"]
[White "Suslin, Alexander"]
[Black "Matrosov, Vladimir"]
[Result "0-1"]
[WhiteElo "2171"]
[BlackElo "2029"]
[PlyCount "120"]
[EventDate "2005.06.18"]
[EventType "swiss"]
[EventRounds "9"]
[EventCountry "RUS"]
[SourceTitle "CBM 106 Extra"]
[Source "ChessBase"]
[SourceDate "2005.07.01"]
[SourceVersion "1"]
[SourceVersionDate "2005.07.01"]
[SourceQuality "1"]

1. e4 e6 2. d4 d5 3. e5 c5 4. c3 Qb6 5. Nf3 Bd7 6. Bd3 Bb5 7. 0-0 Bxd3 8. Qxd3 Qa6 9. Qd1 cxd4 10. Nxd4 Nc6 11. Re1 Nge7 12. b4 Nxd4 13. Qxd4 Rc8 14. a4 Nf5 15. Qd2 Qc4 16. Bb2 Be7 17. Na3 Qg4 18. Qe2 Qxe2 19. Rxe2 0-0 20. Nc2 h5 21. h3 h4 22. Rd1 Rc7 23. Rd3 Rfc8 24. Ne3 Nxe3 25. Rexe3 Rc4 26. a5 d4 27. cxd4 Bxb4 28. d5 Bxa5 29. d6 Rd8 30. Bd4 b6 31. Re4 Rd7 32. Rxh4 b5 33. Rg4 Bd8 34. h4 f5 35. Rg6 Bxh4 36. g4 f4 37. Rh3 Rxd4 38. Rxh4 Kf7 39. Rg5 Rd8 40. Rh3 b4 41. Rgh5 a5 42. g5 a4 43. Rh7 b3 44. R3h6 Rg8 45. Rf6+ Ke8 46. Rxe6+ Kd7 47. Re7+ Kc6 48. Rc7+ Kb6 49. Kg2 Rd1 50. Rc4 Kb5 51. Rc7 Ka6 52. Rc6+ Ka5 53. Rc7 b2 54. Rb7 b1Q 55. Rxb1 Rxb1 56. e6 Rb6 57. e7 Rxd6 58. Rxg7 Re8 59. Rf7 Rd5 60. Rg7 a3 0-1

[Event "Sibiria Region-ch"]
[Site "Novosibirsk"]
[Date "2003.??.??"]
[Round "4"]
[White "Popov, Eugeny Vladimirovic"]
[Black "Suslin, Alexander"]
[Result "0-1"]
[WhiteElo "2133"]
[BlackElo "2169"]
[PlyCount "86"]
[EventDate "2003.05.??"]
[EventType "swiss"]
[EventRounds "9"]
[EventCountry "RUS"]
[SourceTitle "EXT 2008"]
[Source "ChessBase"]
[SourceDate "2007.11.25"]
[SourceVersion "1"]
[SourceVersionDate "2007.11.25"]
[SourceQuality "1"]

1. d4 e6 2. g3 d5 3. Bg2 c5 4. Nf3 Nc6 5. 0-0 Nf6 6. c4 dxc4 7. Qa4 Bd7 8. Qxc4 Qb6 9. dxc5 Qxc5 10. Qh4 Be7 11. Bg5 Qc2 12. Na3 Qxe2 13. Rfe1 Qa6 14. Nc4 0-0 15. Nce5 Nxe5 16. Nxe5 Bc6 17. Nxc6 bxc6 18. Rac1 Qxa2 19. Be4 Nxe4 20. Bxe7 Nd2 21. Qf4 Rfe8 22. Qxd2 Rxe7 23. Rxc6 h6 24. Qd6 Ree8 25. b4 Red8 26. Qc5 Rd5 27. Rc8+ Rxc8 28. Qxc8+ Kh7 29. Qc3 Rf5 30. Qd4 a6 31. Ra1 Qe2 32. Qb6 Rd5 33. Rb1 Qb5 34. Qe3 Re5 35. Qf3 f5 36. Qd1 Re4 37. Qb3 Rc4 38. Qb2 e5 39. Qb3 e4 40. Qb2 h5 41. h4 Rc6 42. Qb3 Qb6 43. Qb2 Rg6 0-1

[Event "Sibiria Region-ch"]
[Site "Novosibirsk"]
[Date "2003.??.??"]
[Round "3"]
[White "Suslin, Alexander"]
[Black "Okladnikov, Gennady"]
[Result "0-1"]
[WhiteElo "2169"]
[BlackElo "2244"]
[PlyCount "72"]
[EventDate "2003.05.??"]
[EventType "swiss"]
[EventRounds "9"]
[EventCountry "RUS"]
[SourceTitle "EXT 2008"]
[Source "ChessBase"]
[SourceDate "2007.11.25"]
[SourceVersion "1"]
[SourceVersionDate "2007.11.25"]
[SourceQuality "1"]

1. e4 e6 2. d4 d5 3. Nc3 Nf6 4. Bg5 Be7 5. e5 Nfd7 6. h4 Bxg5 7. hxg5 Qxg5 8. Nh3 Qe7 9. Qg4 g6 10. Ng5 h5 11. Qf4 c6 12. Rh3 c5 13. Rf3 cxd4 14. Qxf7+ Qxf7 15. Nxf7 0-0 16. Nd6 Rxf3 17. gxf3 dxc3 18. Nxc8 Nc6 19. Nd6 cxb2 20. Rb1 b5 21. Bh3 Nc5 22. f4 Rf8 23. f5 exf5 24. f4 Ne6 25. Rxb2 Nxf4 26. Bf1 Nxe5 27. a4 bxa4 28. Rb4 g5 29. Rxa4 h4 30. Kf2 Ng4+ 31. Kg1 Ne3 32. Ba6 Rd8 33. Nb7 Rc8 34. Bd3 Nxd3 35. cxd3 Rc2 36. Nd6 h3 0-1